00321nam a2200121Ia 4500008004100000041000800041082001600049100001900065245004100084260004100125300002400166365000900190240624s9999 xx 000 0 und d aeng a658.155 PAN aPANJER HARRY H aOPERATIONAL RISK MODELLING ANALYTICS c2006aSingaporebJohn Wiley and Sons a431 : p. : cm. ; 25 cb30